000 00354nam a2200133Ia 4500
003 GCL
008 140319s9999 xx 000 0 ara d
040 _aGCL /
_cGCL
082 0 4 _a346.03
_bع ج
245 1 0 _aجنح وجنايات الجرح والضرب
260 _a[S.N] :
_bالمكتبة القانونية ،
_c1993
300 _a423 ص
490 _a
999 _c55568
_d55568